The Federal Democratic Repoblic of Ethiopia; (Record no. 24674)

MARC details
000 -LEADER
fixed length control field 00405nam a22001457a 4500
003 - CONTROL NUMBER IDENTIFIER
control field OSt
005 - DATE AND TIME OF LATEST TRANSACTION
control field 20211228145710.0
008 - FIXED-LENGTH DATA ELEMENTS--GENERAL INFORMATION
fixed length control field 211228b |||||||| |||| 00| 0 eng d
040 ## - CATALOGING SOURCE
Transcribing agency HU
082 ## - DEWEY DECIMAL CLASSIFICATION NUMBER
Classification number 371.3663GUI2009
245 ## - TITLE STATEMENT
Title The Federal Democratic Repoblic of Ethiopia;
Remainder of title Guidelines for the preparation of public Sector Prejects
260 ## - PUBLICATION, DISTRIBUTION, ETC.
Date of publication, distribution, etc. 2009
300 ## - PHYSICAL DESCRIPTION
Extent 259p
Other physical details PC
Dimensions 24cm
942 ## - ADDED ENTRY ELEMENTS (KOHA)
Source of classification or shelving scheme Dewey Decimal Classification
Koha item type Books like text book referance book
Suppress in OPAC No
Holdings
Withdrawn status Lost status Source of classification or shelving scheme Damaged status Not for loan Collection code Home library Current library Shelving location Date acquired Total Checkouts Full call number Barcode Date last seen Copy number Price effective from Koha item type
    Dewey Decimal Classification     Reference Wondo Genet Library Wondo Genet Library General Stacks 12/28/2021   371.3663GUI2009 WGCFNRL00007828 12/28/2021 1 12/28/2021 Books like text book referance book